000 00583nam a22002057a 4500
999 _c3706
_d3706
003 OSt
005 20240926135130.0
008 240926b ||||| |||| 00| 0 eng d
020 _a9787020172214
040 _cKH8
082 _a400 ZHU
100 _aZhu, Qian Zhongshu,
_eauthor.
245 _aFortress Besieged /
_cQian Zhongshu Zhu and Zhongshu Qian.
260 _aBeijing;
_bPeople's Literature Publishing House,
_c2022.
300 _a362 pages ;
_c24 cm.
650 _aHumorous fiction
650 _aScholars Fiction
700 _aQian, Zhongshu,
_eauthor.
942 _2ddc
_cTR